| 000 -LEADER |
| fixed length control field |
01825nam a22001577a 4500 |
| 008 - FIXED-LENGTH DATA ELEMENTS--GENERAL INFORMATION |
| fixed length control field |
210727b ||||| |||| 00| 0 eng d |
| 100 ## - MAIN ENTRY--PERSONAL NAME |
| Personal name |
You, Jongeun |
| 245 ## - TITLE STATEMENT |
| Title |
Lessons from south Korea’s Covid-19 policy response |
| 260 ## - PUBLICATION, DISTRIBUTION, ETC. (IMPRINT) |
| Place of publication, distribution, etc |
American Review of Public Administration |
| 300 ## - PHYSICAL DESCRIPTION |
| Extent |
50(6-7), Aug-Oct, 2020: p.801-808 |
| 520 ## - SUMMARY, ETC. |
| Summary, etc |
In responding to the Covid-19 (SARS-CoV-2) pandemic, some government policies have been more effective in containing, suppressing, and mitigating the disease than others. Government leaders and public administrators can learn from other countries and adapt these lessons to their crisis management and public health systems. South Korea has emerged as a model to emulate in fighting the pandemic. While South Korea endured devastating early outbreaks, the country flattened the coronavirus curve without paralyzing the national health and economic systems. The author reviews South Korea’s public health policy approaches and the embedded context, by using documents and materials written in Korean and English, to learn how the country managed coronavirus from January through April 2020. The critical factors in South Korea’s public health administration and management that led to success include national infectious disease plans, collaboration with the private sector, stringent contact tracing, an adaptive health care system, and government-driven communication. This article also proposes some key aspects to be considered to transfer lessons from country-level responses in South Korea to other contexts. – Reproduced |
| 650 ## - SUBJECT ADDED ENTRY--TOPICAL TERM |
| Topical term or geographic name as entry element |
Pandemic crisis management, Infectious disease, Emergency management, Public administration response |
| 9 (RLIN) |
25889 |
| 773 ## - HOST ITEM ENTRY |
| Main entry heading |
American Review of Public Administration |
| 906 ## - LOCAL DATA ELEMENT F, LDF (RLIN) |
| Subject DIP |
CRISIS MANAGEMENT - SOUTH KOREA |
| 942 ## - ADDED ENTRY ELEMENTS (KOHA) |
| Item type |
Articles |